Ładuje się......

Manikyakkallu /

Opis bibliograficzny
1. autor: Sarala, K.
Język:Undetermined
Wydane: 1967.
Hasła przedmiotowe:
LEADER 00392nam a2200133Ia 4500
001 65869
008 170722s9999 xx 000 0 und d
100 |a Sarala, K. 
245 |a Manikyakkallu / 
260 |c 1967. 
653 |a Malayalam Novel 
942 |c GEN 
999 |c 81399  |d 81399 
952 |0 0  |1 0  |4 0  |6 O_323NSA19M_K1KR  |7 0  |9 114121  |a LIB  |b LIB  |d 2017-08-12  |o O32,3NSA19,M K1(KR)  |p 137796  |r 2017-08-12  |w 2017-08-12  |y GEN